[Event "EU-chT Seniors 50"]
[Site "Swidnica"]
[Date "2025.04.11"]
[Round "7.10"]
[White "Adams, Mark"]
[Black "Emms, John M"]
[Result "0-1"]
[WhiteElo "1916"]
[BlackElo "2411"]
[PlyCount "74"]
[EventDate "2025.04.05"]
[EventType "team-tourn"]
[EventRounds "9"]
[EventCountry "POL"]
[SourceTitle "CB16_2025"]
[SourceDate "2025.04.16"]
[SourceVersion "1"]
[SourceVersionDate "2025.04.16"]
[SourceQuality "1"]
[WhiteTeam "Wales Silures 50"]
[BlackTeam "England 50"]
[WhiteTeamCountry "WLS"]
[BlackTeamCountry "ENG"]

1. e4 c6 2. Nf3 d5 3. exd5 cxd5 4. Ne5 Nc6 5. d4 e6 6. c3 Bd6 7. f4 Nh6 8. Bd3 0-0 9. 0-0 f6 10. Nxc6 bxc6 11. Nd2 a5 12. Nf3 Ba6 13. Re1 Bxd3 14. Qxd3 Re8 15. g3 a4 16. Kg2 Qb6 17. Bd2 Qb5 18. Qxb5 cxb5 19. a3 Kf7 20. Re2 Nf5 21. Rae1 Bc7 22. Be3 Nd6 23. Nd2 Rac8 24. h3 Ba5 25. Bf2 Bc7 26. Be3 h6 27. Rf1 Bb6 28. Rf3 Rc6 29. Rf1 Ra8 30. Nb1 Nc4 31. Bd2 Nxb2 32. Be1 Nc4 33. f5 exf5 34. Rxf5 Re6 35. Kf2 Rae8 36. Rxe6 Kxe6 37. Rf3 Bc7 0-1

[Event "EU-chT Seniors 50"]
[Site "Swidnica"]
[Date "2025.04.10"]
[Round "6.6"]
[White "Emms, John M"]
[Black "Dickenson, Neil F"]
[Result "1-0"]
[WhiteElo "2411"]
[BlackElo "2250"]
[PlyCount "107"]
[EventDate "2025.04.05"]
[EventType "team-tourn"]
[EventRounds "9"]
[EventCountry "POL"]
[SourceTitle "CB16_2025"]
[SourceDate "2025.04.16"]
[SourceVersion "1"]
[SourceVersionDate "2025.04.16"]
[SourceQuality "1"]
[WhiteTeam "England 50"]
[BlackTeam "England 50 II"]
[WhiteTeamCountry "ENG"]
[BlackTeamCountry "ENG"]

1. e4 e6 2. d4 d5 3. Nd2 c5 4. exd5 exd5 5. Bb5+ Nc6 6. Ngf3 Qe7+ 7. Be2 Qc7 8. 0-0 Nf6 9. Re1 cxd4 10. Nb3 Bb4 11. Bd2 Bxd2 12. Qxd2 0-0 13. Nfxd4 Re8 14. Bd3 Bd7 15. h3 Qb6 16. Nxc6 Bxc6 17. c3 Ne4 18. Qe3 Qc7 19. Qd4 b6 20. Re2 Nf6 21. Rae1 Rxe2 22. Rxe2 Re8 23. Rxe8+ Bxe8 24. Qe3 Kf8 25. Nd4 Bd7 26. g4 h6 27. Kg2 Qd6 28. f4 Qe7 29. Kf3 Qxe3+ 30. Kxe3 Ke7 31. Bb5 g6 32. Bf1 Kd6 33. Bg2 Ne8 34. g5 hxg5 35. fxg5 Ng7 36. h4 Ke5 37. Nf3+ Kd6 38. Nd4 Ke5 39. Nf3+ Kd6 40. Bf1 a5 41. Nd4 Ke5 42. Bd3 Kd6 43. b4 Ke5 44. a3 axb4 45. cxb4 Be8 46. Bc2 f5 47. gxf6 Kxf6 48. a4 Ke5 49. a5 bxa5 50. bxa5 Kd6 51. Kf4 Kc5 52. Ke5 Nh5 53. Ne6+ Kc6 54. Ba4+ 1-0

[Event "EU-chT Seniors 50"]
[Site "Swidnica"]
[Date "2025.04.06"]
[Round "2.6"]
[White "Lauterbach, Ingrid"]
[Black "Emms, John M"]
[Result "0-1"]
[WhiteElo "1998"]
[BlackElo "2411"]
[PlyCount "54"]
[EventDate "2025.04.05"]
[EventType "team-tourn"]
[EventRounds "9"]
[EventCountry "POL"]
[SourceTitle "CB16_2025"]
[SourceDate "2025.04.16"]
[SourceVersion "1"]
[SourceVersionDate "2025.04.16"]
[SourceQuality "1"]
[WhiteTeam "England 50 (W)"]
[BlackTeam "England 50"]
[WhiteTeamCountry "ENG"]
[BlackTeamCountry "ENG"]

1. d4 Nf6 2. c4 e6 3. Nf3 d5 4. Nc3 c6 5. e3 Nbd7 6. cxd5 exd5 7. Be2 Bd6 8. Qc2 0-0 9. b3 Re8 10. Bb2 Nf8 11. h3 Ng6 12. 0-0-0 b5 13. Bd3 a5 14. Bf5 Bxf5 15. Qxf5 a4 16. h4 axb3 17. axb3 Ba3 18. Ne5 Nxe5 19. dxe5 Nd7 20. f4 Nc5 21. Qc2 Qb6 22. Rhe1 Ra7 23. Nb1 Bxb2+ 24. Qxb2 Rea8 25. b4 Ne4 26. Qd4 Qxd4 27. exd4 Ra2 0-1

[Event "WchT Seniors 50"]
[Site "Prague"]
[Date "2025.02.26"]
[Round "9.4"]
[White "Tikzhanov, Yerlan"]
[Black "Emms, John M"]
[Result "0-1"]
[WhiteElo "2323"]
[BlackElo "2409"]
[PlyCount "130"]
[EventDate "2025.02.17"]
[EventType "team-swiss"]
[EventRounds "9"]
[EventCountry "CZE"]
[SourceTitle "CB09_2025"]
[SourceDate "2025.02.27"]
[SourceVersion "1"]
[SourceVersionDate "2025.02.27"]
[SourceQuality "1"]
[WhiteTeam "Kazakhstan 50"]
[BlackTeam "England 50"]
[WhiteTeamCountry "KAZ"]
[BlackTeamCountry "ENG"]

1. e4 c5 2. Nf3 e6 3. c3 d5 4. exd5 Qxd5 5. d4 Nf6 6. Be2 cxd4 7. cxd4 Nc6 8. Nc3 Qd6 9. 0-0 Be7 10. a3 0-0 11. h3 a6 12. Bd3 b5 13. Be3 Bb7 14. Qe2 Rac8 15. Rac1 Rfd8 16. Rfd1 h6 17. b4 Nb8 18. Ne5 Nbd7 19. f4 Nb6 20. f5 Nbd5 21. Nxd5 Qxd5 22. Bb1 Qd6 23. Rxc8 Rxc8 24. Bf4 Qb6 25. Kh2 Rd8 26. Ng4 Nxg4+ 27. Qxg4 exf5 28. Qxf5 g6 29. Qd3 Bf6 30. Be3 Qd6+ 31. Kg1 Qg3 32. Rd2 Re8 33. Re2 Be4 34. Qd1 Bxb1 35. Bf2 Qb8 36. Rxe8+ Qxe8 37. Qxb1 Qe6 38. Qc1 Kg7 39. Qc5 Be7 40. Qc7 Bf6 41. Qc5 Qb3 42. d5 Qd1+ 43. Kh2 Be5+ 44. g3 g5 45. Kg2 h5 46. Kh2 h4 47. Kg2 hxg3 48. Bxg3 Bd4 49. Qe7 Qc2+ 50. Kf1 Qf5+ 51. Ke2 Qxd5 52. Qc7 Qe4+ 53. Kd2 Qe3+ 54. Kd1 Qd3+ 55. Ke1 Qc3+ 56. Qxc3 Bxc3+ 57. Kd1 f5 58. Kc2 Bd4 59. Kd3 Bb2 60. Kc2 Bxa3 61. Be1 Kg6 62. Bd2 f4 63. Kb3 f3 64. Be1 Bc1 65. Kc2 Be3 0-1

[Event "WchT Seniors 50"]
[Site "Prague"]
[Date "2025.02.24"]
[Round "7.4"]
[White "Emms, John M"]
[Black "Lipka, Juraj"]
[Result "1/2-1/2"]
[WhiteElo "2409"]
[BlackElo "2348"]
[PlyCount "103"]
[EventDate "2025.02.17"]
[EventType "team-swiss"]
[EventRounds "9"]
[EventCountry "CZE"]
[SourceTitle "CB09_2025"]
[SourceDate "2025.02.27"]
[SourceVersion "1"]
[SourceVersionDate "2025.02.27"]
[SourceQuality "1"]
[WhiteTeam "England 50"]
[BlackTeam "Slovakia 50"]
[WhiteTeamCountry "ENG"]
[BlackTeamCountry "SVK"]

1. e4 e6 2. d4 d5 3. Nd2 c5 4. exd5 exd5 5. Bb5+ Nc6 6. Ngf3 Bd6 7. dxc5 Bxc5 8. 0-0 Nge7 9. Nb3 Bd6 10. Re1 0-0 11. Bd3 h6 12. h3 Bf5 13. c3 Qd7 14. Be3 Rfe8 15. Bc5 Bc7 16. Bxf5 Nxf5 17. Qd3 b6 18. Bd4 Re6 19. Rxe6 fxe6 20. Re1 Re8 21. Ne5 Bxe5 22. Bxe5 Nxe5 23. Rxe5 Nd6 24. Nd2 Nf7 25. Re1 e5 26. Nf1 Rd8 27. a3 Qa4 28. Ne3 Qb3 29. Qg6 Rd6 30. Qg4 g6 31. Qe2 Kg7 32. Ng4 Re6 33. f4 Qc4 34. Qxc4 dxc4 35. Nxe5 g5 36. Kf2 Rf6 37. g3 gxf4 38. Nxc4 fxg3+ 39. Kxg3 Rg6+ 40. Kf2 Rf6+ 41. Ke2 Ng5 42. h4 Nh3 43. Rf1 Nf4+ 44. Kd2 Ng2 45. Rxf6 Kxf6 46. Nd6 Nxh4 47. Nc8 Nf3+ 48. Ke2 Ne5 49. Nxa7 Nc4 50. Nc8 Ke6 51. Kf3 Kd7 52. Nxb6+ 1/2-1/2

[Event "WchT Seniors 50"]
[Site "Prague"]
[Date "2025.02.17"]
[Round "1.8"]
[White "Koblasa, Josef"]
[Black "Emms, John M"]
[Result "0-1"]
[WhiteElo "1906"]
[BlackElo "2409"]
[PlyCount "74"]
[EventDate "2025.02.17"]
[EventType "team-swiss"]
[EventRounds "9"]
[EventCountry "CZE"]
[SourceTitle "CB09_2025"]
[SourceDate "2025.02.27"]
[SourceVersion "1"]
[SourceVersionDate "2025.02.27"]
[SourceQuality "1"]
[WhiteTeam "Udlice Sokol 50"]
[BlackTeam "England 50"]
[WhiteTeamCountry "CZE"]
[BlackTeamCountry "ENG"]

1. c4 e6 2. Nc3 d5 3. e3 Nf6 4. d4 a6 5. a3 dxc4 6. Bxc4 c5 7. dxc5 Qxd1+ 8. Nxd1 Bxc5 9. b4 Bd6 10. Nf3 b5 11. Bb3 Bb7 12. Bb2 Nbd7 13. 0-0 Ke7 14. Re1 Rac8 15. Rc1 Rxc1 16. Bxc1 Bxf3 17. gxf3 Ne5 18. Kg2 Nd3 19. Bd2 Nxe1+ 20. Bxe1 Rc8 21. Bc3 Nd5 22. Bb2 g5 23. h3 f6 24. Kf1 Be5 25. Bxe5 fxe5 26. Ke1 Nc3 27. Nb2 e4 28. fxe4 Nxe4 29. a4 Rc1+ 30. Nd1 bxa4 31. Bxa4 Rc4 32. f3 Rxb4 33. Bc2 Nf6 34. Bd3 a5 35. Nc3 Nd5 36. Nd1 a4 37. e4 a3 0-1

[Event "WchT Seniors 50"]
[Site "Krakow"]
[Date "2024.07.06"]
[Round "5.2"]
[White "Emms, John M"]
[Black "Shabalov, Alexander"]
[Result "1/2-1/2"]
[WhiteElo "2428"]
[BlackElo "2460"]
[PlyCount "81"]
[EventDate "2024.07.02"]
[EventType "team-swiss"]
[EventRounds "9"]
[EventCountry "POL"]
[SourceTitle "CBM 221 Extra"]
[Source "ChessBase"]
[SourceDate "2024.09.30"]
[SourceVersion "1"]
[SourceVersionDate "2024.09.30"]
[SourceQuality "1"]
[WhiteTeam "England 50"]
[BlackTeam "USA 50"]
[WhiteTeamCountry "ENG"]
[BlackTeamCountry "USA"]

1. e4 e5 2. Nf3 Nc6 3. Nc3 Nf6 4. d4 exd4 5. Nxd4 Bb4 6. Nxc6 bxc6 7. Bd3 d5 8. exd5 0-0 9. 0-0 Bg4 10. f3 Bh5 11. dxc6 Qd4+ 12. Kh1 Bxc3 13. bxc3 Qxc3 14. Bf4 Qxc6 15. Qe2 Nd5 16. Bg3 Bg6 17. Bxg6 hxg6 18. c4 Nb6 19. Rac1 Rfe8 20. Qf2 Re7 21. Rfe1 Rae8 22. Rxe7 Rxe7 23. h3 a6 24. Qd2 Rd7 25. Qe3 Kh7 26. Kh2 Nc8 27. c5 Ne7 28. Qe4 f6 29. Qxc6 Nxc6 30. Rb1 Rd5 31. Rb7 Rxc5 32. Rxc7 Rc4 33. Bd6 Kg8 34. Kg3 g5 35. Kf2 Na5 36. Ke2 Ra4 37. Rc2 Nc4 38. Bc5 Kf7 39. Kd3 Ne5+ 40. Ke3 Ke6 41. Bf8 1/2-1/2

[Event "WchT Seniors 50"]
[Site "Krakow"]
[Date "2024.07.02"]
[Round "1.1"]
[White "Jhunjhnuwala, Krishan"]
[Black "Emms, John M"]
[Result "0-1"]
[WhiteElo "2227"]
[BlackElo "2428"]
[PlyCount "150"]
[EventDate "2024.07.02"]
[EventType "team-swiss"]
[EventRounds "9"]
[EventCountry "POL"]
[SourceTitle "CBM 221 Extra"]
[Source "ChessBase"]
[SourceDate "2024.09.30"]
[SourceVersion "1"]
[SourceVersionDate "2024.09.30"]
[SourceQuality "1"]
[WhiteTeam "USA 5 Brothers 50"]
[BlackTeam "England 50"]
[WhiteTeamCountry "USA"]
[BlackTeamCountry "ENG"]

1. e4 c5 2. Nc3 Nc6 3. Bb5 Nd4 4. Nf3 a6 5. Bd3 Nc6 6. 0-0 d6 7. a3 Nf6 8. Rb1 e5 9. b4 cxb4 10. axb4 b5 11. Nd5 Be7 12. c4 bxc4 13. Nxf6+ Bxf6 14. Bxc4 0-0 15. Bd5 Bd7 16. d3 Rb8 17. Bd2 Ne7 18. Bc4 Bb5 19. Qb3 Qd7 20. Rfc1 h6 21. Ra1 Ng6 22. Bxb5 axb5 23. Ra6 Ne7 24. h3 Rfc8 25. Rxc8+ Nxc8 26. Be3 Ne7 27. Ra7 Qe6 28. Qxe6 fxe6 29. Rd7 Nc6 30. Bd2 Be7 31. g4 Bf8 32. g5 d5 33. gxh6 gxh6 34. exd5 exd5 35. Rxd5 Nxb4 36. Rd7 Nc6 37. Bc3 b4 38. Bxe5 Nxe5 39. Nxe5 b3 40. Nc4 b2 41. Nxb2 Rxb2 42. d4 Rd2 43. Kg2 Rd3 44. f3 Bg7 45. Kg3 Kh7 46. Kg4 Kg6 47. Rd5 Rd1 48. Kf4 Bf6 49. Kg3 h5 50. Kg2 Rd2+ 51. Kh1 Rf2 52. Rb5 Bxd4 53. Rd5 Bf6 54. Rd3 Kf5 55. Kg1 Ra2 56. Rd7 Kf4 57. Rf7 Kg3 58. Kf1 Rf2+ 59. Kg1 Rxf3 60. h4 Kxh4 61. Kg2 Kg4 62. Rf8 Rf5 63. Ra8 Rf4 64. Rg8+ Bg5 65. Rg7 Ra4 66. Rg8 h4 67. Kh1 Ra1+ 68. Kh2 Ra2+ 69. Kh1 h3 70. Kg1 Kh4 71. Rc8 Be3+ 72. Kf1 h2 73. Rh8+ Kg3 74. Rg8+ Kf3 75. Rf8+ Bf4 0-1

[Event "EU-chT Seniors 50"]
[Site "Terme Catez"]
[Date "2024.05.14"]
[Round "8.1"]
[White "Csiszar, Csaba"]
[Black "Emms, John M"]
[Result "1-0"]
[WhiteElo "2366"]
[BlackElo "2437"]
[PlyCount "225"]
[EventDate "2024.05.07"]
[EventType "team-swiss"]
[EventRounds "9"]
[EventCountry "SLO"]
[SourceTitle "CBM 220 Extra"]
[Source "ChessBase"]
[SourceDate "2024.07.31"]
[SourceVersion "1"]
[SourceVersionDate "2024.07.31"]
[SourceQuality "1"]
[WhiteTeam "Hungary 50"]
[BlackTeam "England 50"]
[WhiteTeamCountry "HUN"]
[BlackTeamCountry "ENG"]

1. d4 Nf6 2. Nf3 d5 3. Bf4 c5 4. e3 Nc6 5. Nbd2 cxd4 6. exd4 a6 7. c3 Bf5 8. Ne5 Nxe5 9. dxe5 Nd7 10. g4 Bg6 11. h4 h5 12. e6 fxe6 13. Nf3 e5 14. Nxe5 Nxe5 15. Bxe5 Qd7 16. Bh3 e6 17. Qd4 Be4 18. Rf1 hxg4 19. Bxg4 Rc8 20. h5 Rc4 21. Qe3 Bg2 22. Bd4 Rxd4 23. Qxd4 Bxf1 24. Kxf1 Rh6 25. Re1 Kf7 26. c4 Qc6 27. cxd5 exd5 28. Rd1 Rf6 29. Qxd5+ Qxd5 30. Rxd5 b6 31. Rd7+ Kg8 32. Ke2 Bc5 33. f3 a5 34. a4 Kh7 35. b3 Kh6 36. Rb7 Rd6 37. Rb8 g6 38. hxg6 Kxg6 39. Rg8+ Kf6 40. Rf8+ Ke7 41. Rf5 Rd4 42. Re5+ Kf7 43. Re3 Rd6 44. Rc3 Kf6 45. Rc4 Rd4 46. Rc1 Ke5 47. Bc8 Rb4 48. Rb1 Rh4 49. Bb7 Rb4 50. Be4 Rd4 51. Rh1 Rd6 52. Rh4 Rd8 53. Bd3 Rf8 54. Re4+ Kf6 55. Bc4 Rd8 56. Rh4 Kg5 57. Rg4+ Kf6 58. Bd3 Rd4 59. f4 Rd6 60. Be4 Rd4 61. Kf3 Rd2 62. Rg6+ Kf7 63. Rc6 Ke7 64. Rh6 Rd6 65. Rh7+ Kf6 66. Kg4 Rd8 67. Rh6+ Kg7 68. Rg6+ Kf7 69. Rc6 Rd6 70. Rc7+ Kf6 71. Rh7 Rd4 72. Rh6+ Kg7 73. Re6 Rd6 74. Re5 Kf6 75. Bd5 Kg6 76. Rg5+ Kf6 77. Rf5+ Kg6 78. Bf7+ Kg7 79. Bd5 Kg6 80. Rh5 Kf6 81. Re5 Kg6 82. Kf3 Rd7 83. Ke4 Re7 84. Be6 Bd6 85. f5+ Kf6 86. Rd5 Bc5 87. Rd2 Rh7 88. Kd5 Rh1 89. Kc6 Rc1 90. Kb5 Rc3 91. Rd7 Re3 92. Rb7 Re1 93. Ra7 Re3 94. Rc7 Rc3 95. Rc6 Bd4 96. Rxb6 Bxb6 97. Kxb6 Ke5 98. Kxa5 Kd6 99. Kb4 Rf3 100. Kb5 Rc3 101. b4 Rf3 102. Kb6 Rf4 103. Kb5 Rf1 104. a5 Kc7 105. Ka6 Kb8 106. Kb6 Rd1 107. b5 Rd2 108. Kc6 Rc2+ 109. Kd6 Rd2+ 110. Ke7 Rb2 111. f6 Rxb5 112. f7 Rb7+ 113. Bd7 1-0

[Event "EU-chT Seniors 50"]
[Site "Terme Catez"]
[Date "2024.05.12"]
[Round "6.1"]
[White "Emms, John M"]
[Black "David, Alberto"]
[Result "1/2-1/2"]
[WhiteElo "2437"]
[BlackElo "2511"]
[PlyCount "54"]
[EventDate "2024.05.07"]
[EventType "team-swiss"]
[EventRounds "9"]
[EventCountry "SLO"]
[SourceTitle "CBM 220 Extra"]
[Source "ChessBase"]
[SourceDate "2024.07.31"]
[SourceVersion "1"]
[SourceVersionDate "2024.07.31"]
[SourceQuality "1"]
[WhiteTeam "England 50"]
[BlackTeam "Italy 50"]
[WhiteTeamCountry "ENG"]
[BlackTeamCountry "ITA"]

1. e4 c5 2. c3 Nf6 3. e5 Nd5 4. Bc4 e6 5. Nf3 d6 6. d4 cxd4 7. cxd4 Be7 8. 0-0 0-0 9. Qe2 a6 10. Rd1 Nc6 11. exd6 Qxd6 12. Nc3 b5 13. Bxd5 exd5 14. Ne5 Be6 15. Bf4 Nxe5 16. Bxe5 Qd7 17. Qe3 Rfe8 18. h3 f6 19. Bg3 Bf8 20. Qd2 Rac8 21. Rac1 Bf5 22. Re1 Rxe1+ 23. Qxe1 b4 24. Ne2 Rc4 25. b3 Rxc1 26. Qxc1 Kf7 27. f3 Be7 1/2-1/2

[Event "WchT Seniors 50"]
[Site "Struga"]
[Date "2023.09.24"]
[Round "6.2"]
[White "Emms, John M"]
[Black "Bogdanovski, Vlatko"]
[Result "1/2-1/2"]
[WhiteElo "2448"]
[BlackElo "2385"]
[PlyCount "87"]
[EventDate "2023.09.19"]
[EventType "team-swiss"]
[EventRounds "9"]
[EventCountry "MKD"]
[SourceTitle "CBM 216 Extra"]
[Source "ChessBase"]
[SourceDate "2023.11.30"]
[SourceVersion "1"]
[SourceVersionDate "2023.11.30"]
[SourceQuality "1"]
[WhiteTeam "England 50"]
[BlackTeam "Macedonia Alkaloid 50"]
[WhiteTeamCountry "ENG"]
[BlackTeamCountry "MKD"]

1. e4 c6 2. d4 d5 3. exd5 cxd5 4. Bd3 Nc6 5. c3 Nf6 6. Bf4 Bg4 7. Qb3 Qd7 8. Nd2 e6 9. Ngf3 Bd6 10. Bxd6 Qxd6 11. 0-0 0-0 12. Rfe1 Qc7 13. Ne5 Nxe5 14. Rxe5 Bh5 15. Re3 b5 16. Nf3 Bxf3 17. Rxf3 Rab8 18. a3 a5 19. Qd1 Rfc8 20. b4 Ne4 21. Bxe4 dxe4 22. Re3 Ra8 23. h3 h6 24. Qe2 Qc4 25. Qb2 f5 26. f3 exf3 27. Rxf3 axb4 28. axb4 Ra4 29. Rxa4 bxa4 30. Qa3 Ra8 31. Rf1 Kh7 32. Re1 Rc8 33. Rc1 Qd3 34. Kh1 Ra8 35. Ra1 Rc8 36. Rc1 f4 37. Qxa4 Rxc3 38. Rxc3 Qxc3 39. b5 f3 40. gxf3 Qxf3+ 41. Kh2 Qf2+ 42. Kh1 Qf1+ 43. Kh2 Qf2+ 44. Kh1 1/2-1/2

[Event "WchT Seniors 50"]
[Site "Struga"]
[Date "2023.09.21"]
[Round "3.2"]
[White "Godena, Michele"]
[Black "Emms, John M"]
[Result "1/2-1/2"]
[WhiteElo "2429"]
[BlackElo "2448"]
[PlyCount "45"]
[EventDate "2023.09.19"]
[EventType "team-swiss"]
[EventRounds "9"]
[EventCountry "MKD"]
[SourceTitle "CBM 216 Extra"]
[Source "ChessBase"]
[SourceDate "2023.11.30"]
[SourceVersion "1"]
[SourceVersionDate "2023.11.30"]
[SourceQuality "1"]
[WhiteTeam "Italy 50"]
[BlackTeam "England 50"]
[WhiteTeamCountry "ITA"]
[BlackTeamCountry "ENG"]

1. e4 c5 2. c3 d5 3. exd5 Qxd5 4. d4 Nf6 5. Nf3 Nc6 6. Be2 cxd4 7. cxd4 e6 8. Nc3 Qd6 9. 0-0 Be7 10. Nb5 Qd8 11. Bf4 Nd5 12. Bg3 0-0 13. Rc1 Bd7 14. Nc3 Rc8 15. Nxd5 exd5 16. Qb3 Qb6 17. Qxb6 axb6 18. Rfd1 f6 19. h4 Kf7 20. Kf1 g6 21. Ne1 Be6 22. Bf4 Nb4 23. a3 1/2-1/2

[Event "WchT Seniors 50"]
[Site "Struga"]
[Date "2023.09.19"]
[Round "1.2"]
[White "Crocker, Philip J"]
[Black "Emms, John M"]
[Result "0-1"]
[WhiteElo "2161"]
[BlackElo "2448"]
[PlyCount "118"]
[EventDate "2023.09.19"]
[EventType "team-swiss"]
[EventRounds "9"]
[EventCountry "MKD"]
[SourceTitle "CBM 216 Extra"]
[Source "ChessBase"]
[SourceDate "2023.11.30"]
[SourceVersion "1"]
[SourceVersionDate "2023.11.30"]
[SourceQuality "1"]
[WhiteTeam "England 50 III"]
[BlackTeam "England 50"]
[WhiteTeamCountry "ENG"]
[BlackTeamCountry "ENG"]

1. d4 d5 2. c4 dxc4 3. e4 e5 4. Nf3 Bb4+ 5. Nc3 exd4 6. Qxd4 Qxd4 7. Nxd4 Nf6 8. f3 Bc5 9. Ndb5 Na6 10. Bf4 c6 11. Nd6+ Bxd6 12. Bxd6 Be6 13. 0-0-0 0-0-0 14. Be2 Ne8 15. Bg3 Nec7 16. f4 f5 17. Bh4 Rxd1+ 18. Rxd1 Nb4 19. a3 Nd3+ 20. Bxd3 cxd3 21. Rxd3 Re8 22. Bf2 fxe4 23. Nxe4 Nb5 24. Nd6+ Nxd6 25. Rxd6 Bd5 26. Bd4 Re2 27. Kd1 Rxg2 28. h3 b6 29. Be5 a5 30. h4 h5 31. f5 Rf2 32. Rg6 Rxf5 33. Bxg7 Kb7 34. Kd2 Rf2+ 35. Ke3 Rf3+ 36. Kd2 Rf2+ 37. Ke3 Rf3+ 38. Kd2 Ka6 39. Bc3 Rh3 40. Bf6 Rf3 41. Bc3 Rf4 42. Bf6 Kb5 43. Bd8 Rf2+ 44. Kc3 Be4 45. Rf6 Rc2+ 46. Kd4 Rd2+ 47. Kxe4 Rxd8 48. Rf5+ Kc4 49. Rxh5 Kb3 50. Rh6 Kxb2 51. Rxc6 Rb8 52. h5 Kxa3 53. h6 b5 54. h7 b4 55. Rh6 Rh8 56. Kd3 b3 57. Kc4 b2 58. Rh1 Ka2 59. Rh5 b1Q 0-1

[Event "EU-chT Seniors 50"]
[Site "Swidnica"]
[Date "2023.07.20"]
[Round "9.4"]
[White "Zetocha, Claudiu Andrei"]
[Black "Emms, John M"]
[Result "0-1"]
[WhiteElo "2278"]
[BlackElo "2448"]
[PlyCount "98"]
[EventDate "2023.07.12"]
[EventType "team-tourn"]
[EventRounds "9"]
[EventCountry "POL"]
[SourceTitle "CBM 215 Extra"]
[Source "ChessBase"]
[SourceDate "2023.09.30"]
[SourceVersion "1"]
[SourceVersionDate "2023.09.30"]
[SourceQuality "1"]
[WhiteTeam "Slovakia 50"]
[BlackTeam "England 50"]
[WhiteTeamCountry "SVK"]
[BlackTeamCountry "ENG"]

1. Nf3 d5 2. g3 Nd7 3. Bg2 e5 4. 0-0 Ngf6 5. c4 e4 6. Ne1 dxc4 7. Qa4 Bd6 8. Na3 0-0 9. Nxc4 Re8 10. Nxd6 cxd6 11. d4 Nb6 12. Qd1 h6 13. Nc2 Be6 14. h3 Qd7 15. Kh2 Nbd5 16. Ne3 Rac8 17. Nxd5 Bxd5 18. Be3 Rc7 19. Qd2 Rec8 20. Rfc1 Rxc1 21. Rxc1 Rxc1 22. Qxc1 Bxa2 23. d5 Bxd5 24. Bxa7 Qc6 25. Qe3 Nd7 26. Bd4 Ne5 27. g4 f6 28. Bc3 Qc5 29. Bd4 Qc2 30. Bc3 Bc6 31. Bf1 Qd1 32. Kg1 d5 33. Qd4 Qxd4 34. Bxd4 Bb5 35. Kg2 Kf7 36. Kg3 Ke6 37. h4 g5 38. b3 Nc6 39. Bb2 d4 40. hxg5 hxg5 41. Bg2 Kd5 42. f3 Bxe2 43. fxe4+ Ke6 44. Bh3 Ke5 45. Ba3 Na5 46. b4 Nc4 47. Bc1 Bd3 48. Kf2 Bxe4 49. b5 b6 0-1

[Event "ENG-ch Chessable"]
[Site "Kenilworth"]
[Date "2023.05.27"]
[Round "4"]
[White "Ismail, Mohammed Aayan"]
[Black "Emms, John M"]
[Result "1/2-1/2"]
[WhiteElo "2209"]
[BlackElo "2468"]
[PlyCount "75"]
[EventDate "2023.05.26"]
[EventType "swiss"]
[EventRounds "7"]
[EventCountry "ENG"]
[SourceTitle "CBM 214 Extra"]
[Source "ChessBase"]
[SourceDate "2023.07.31"]
[SourceVersion "1"]
[SourceVersionDate "2023.07.31"]
[SourceQuality "1"]

1. d4 Nf6 2. c4 e6 3. Nc3 d5 4. Nf3 c5 5. e3 Nc6 6. dxc5 Bxc5 7. a3 dxc4 8. Qxd8+ Kxd8 9. Bxc4 Ke7 10. b4 Bd6 11. Bb2 Ne5 12. Be2 Bd7 13. 0-0 Rac8 14. Rfd1 Nxf3+ 15. Bxf3 Bc6 16. Bxc6 Rxc6 17. Rd3 Be5 18. Nd5+ Nxd5 19. Bxe5 f6 20. Bd4 b6 21. g3 Rhc8 22. Rad1 R8c7 23. e4 Nc3 24. Bxc3 Rxc3 25. Kg2 Rxd3 26. Rxd3 Rc2 27. Kf3 e5 28. h4 h5 29. Ke3 a6 30. Kf3 g6 31. Ke3 b5 32. Rd2 Rc1 33. Rd5 Ke6 34. Rd8 Ra1 35. Rd3 Rc1 36. Rd8 Ra1 37. Rd3 Rc1 38. Rd8 1/2-1/2

[Event "ENG-ch Chessable"]
[Site "Kenilworth"]
[Date "2023.05.26"]
[Round "2"]
[White "Emms, John M"]
[Black "Boswell, Jacob Connor"]
[Result "1/2-1/2"]
[WhiteElo "2468"]
[BlackElo "2119"]
[PlyCount "45"]
[EventDate "2023.05.26"]
[EventType "swiss"]
[EventRounds "7"]
[EventCountry "ENG"]
[SourceTitle "CBM 214 Extra"]
[Source "ChessBase"]
[SourceDate "2023.07.31"]
[SourceVersion "1"]
[SourceVersionDate "2023.07.31"]
[SourceQuality "1"]

1. e4 c5 2. Nf3 d6 3. d4 cxd4 4. Nxd4 Nf6 5. Nc3 Nc6 6. Bg5 e6 7. Qd2 a6 8. 0-0-0 Bd7 9. f3 Be7 10. Kb1 b5 11. Nxc6 Bxc6 12. h4 h6 13. Be3 d5 14. exd5 Nxd5 15. Nxd5 Bxd5 16. h5 Bf6 17. Bd3 Qc7 18. Bf4 Qc5 19. Rhe1 Rd8 20. Be3 Qc7 21. Bf4 Qc5 22. Be3 Qc7 23. Bf4 1/2-1/2

[Event "BCF-chT 2223 (4NCL)"]
[Site "England"]
[Date "2023.03.18"]
[Round "7.2"]
[White "Healey, Michael W"]
[Black "Emms, John M"]
[Result "1/2-1/2"]
[WhiteElo "2124"]
[BlackElo "2467"]
[PlyCount "106"]
[EventDate "2022.10.22"]
[EventType "team-swiss"]
[EventRounds "11"]
[EventCountry "ENG"]
[SourceTitle "CBM 213 Extra"]
[Source "ChessBase"]
[SourceDate "2023.05.31"]
[SourceVersion "1"]
[SourceVersionDate "2023.05.31"]
[SourceQuality "1"]
[WhiteTeam "Celtic Tigers"]
[BlackTeam "Chessable White Rose"]
[WhiteTeamCountry "ENG"]
[BlackTeamCountry "ENG"]

1. e4 c5 2. Nc3 Nc6 3. Nge2 d6 4. g3 g6 5. Bg2 Bg7 6. 0-0 Nf6 7. d3 0-0 8. f4 Rb8 9. h3 Nd7 10. Nd5 b5 11. a3 e6 12. Ne3 Ne7 13. Rb1 Bb7 14. b4 cxb4 15. Rxb4 a6 16. Bb2 Bxb2 17. Rxb2 d5 18. exd5 Qb6 19. d4 Bxd5 20. Nxd5 Nxd5 21. Qd2 Qd6 22. Rb3 N7b6 23. g4 Nc4 24. Qc1 Rbc8 25. Rd3 Rfe8 26. Ng3 f5 27. Rf2 Rc7 28. h4 Nf6 29. g5 Nd5 30. h5 Rec8 31. Qe1 Ncb6 32. Ne2 Rxc2 33. hxg6 hxg6 34. Rh3 Qe7 35. Rh6 Qg7 36. Bxd5 Nxd5 37. Nc3 Rc1 38. Qxc1 Rxc3 39. Qe1 Kf7 40. Qe5 Ne3 41. Qd6 Rc1+ 42. Kh2 Ng4+ 43. Kg2 Nxh6 44. Re2 Kg8 45. gxh6 Qb7+ 46. Kf2 Qd5 47. Qxe6+ Qxe6 48. Rxe6 Kh7 49. Rxa6 Kxh6 50. Ke2 Kh5 51. Kd2 Rf1 52. Ke3 Re1+ 53. Kf3 Rd1 1/2-1/2